Planeamiento de un sistema para el aseguramiento de la calidad del servicio a los clientes internos y externos del Trabajo Comunal Universitario
Gardado en:
| Autor Principal: | |
|---|---|
| Outros autores: | |
| Formato: | Libro |
| Publicado: |
San José, C.R.
1998
|
| Materias: | |
| Etiquetas: |
Engadir etiqueta
Sen Etiquetas, Sexa o primeiro en etiquetar este rexistro!
|
MARC
| LEADER | 00000nam a2200000Ia 4500 | ||
|---|---|---|---|
| 003 | 008402 | ||
| 005 | 20221231144225.0 | ||
| 008 | 140114s1998 cr a m 000 ||s d | ||
| 040 | |c cru CEDI | ||
| 090 | |a TFG 3805 | ||
| 100 | |a Chacón Durán, Erick |9 9114 | ||
| 245 | |a Planeamiento de un sistema para el aseguramiento de la calidad del servicio a los clientes internos y externos del Trabajo Comunal Universitario | ||
| 260 | |c 1998 |a San José, C.R. | ||
| 300 | |a xvii, 286 hojas : ilustraciones | ||
| 500 | |a Proyecto de graduación (licenciatura en ingeniería industrial)--Universidad de Costa Rica. Facultad de Ingeniería. Escuela de Ingeniería Industrial | ||
| 650 | |x UNIVERSIDAD DE COSTA RICA. VICERRECTORIA DE ACCION SOCIAL. SECCION DE TRABAJO COMUNAL UNIVERSITARIO |x SERVICIO AL CLIENTE - CONTROL DE CALIDAD |9 9116 | ||
| 700 | |9 9115 |a Quirós Mora, César | ||
| 942 | |c TFG | ||
| 999 | |c 18679 |d 18679 | ||
